000 00711nam a2200289Ia 4500
005 20260324112401.0
008 008 260324s9999 xx 000 0 eng d
020 _a9781003454311
037 _aEBOOK
040 _aCRL
040 _beng
040 _cCRL
041 _2eng
041 _aeng
084 _qCRL
100 _aBicky A. Marquez
_91142467
245 0 _aInteractions
245 0 _bStability and Organization in Biological and Artificial Intelligent Organisms
260 _bTaylor and Francis
260 _c2024
365 _a
365 _b105
856 _uhttp://www.taylorfrancis.com/books/9781003454311
942 _cEBOOK
999 _c1731655
_d1731655